Métodos matemáticos de estadística (Registro nro. 1266)

Detalles MARC
000 -LEADER
fixed length control field 02457 a2200217 4500
001 - CONTROL NUMBER
control field 25021
005 - DATE AND TIME OF LATEST TRANSACTION
control field 20260407155533.0
008 - FIXED-LENGTH DATA ELEMENTS--GENERAL INFORMATION
fixed length control field 260407a1968 arg spa d
003 - CONTROL NUMBER IDENTIFIER
control field AR-UNSa-BCEJYS
040 ## - CATALOGING SOURCE
Original cataloging agency AR-UNSa-BCEJYS
Language of cataloging spa
Transcribing agency AR-UNSa-BCEJYS
080 ## - UNIVERSAL DECIMAL CLASSIFICATION NUMBER
Universal Decimal Classification number 519.22
Common auxiliary subdivision Teoría estadística. Modelos estadísticos. Estadística matemática en general<br/>
100 1# - MAIN ENTRY--PERSONAL NAME
Personal name Cansado, Enrique
245 10 - TITLE STATEMENT
Title Métodos matemáticos de estadística
250 ## - EDITION STATEMENT
Edition statement 4a. ed
264 #1 - PRODUCTION, PUBLICATION, DISTRIBUTION, MANUFACTURE, AND COPYRIGHT NOTICE
Place of production, publication, distribution, manufacture Madrid :
Name of producer, publisher, distributor, manufacturer Aguilar
Date of production, publication, distribution, manufacture, or copyright notice 1968
300 ## - PHYSICAL DESCRIPTION
Extent 660 p.
Dimensions 21 cm.
505 ## - FORMATTED CONTENTS NOTE
Formatted contents note Parte I : Introducción Matemática : 1. Propiedades generales de los conjuntos - 2. Conjuntos lineales de puntos - 3. Conjuntos de puntos en n dimensiones - 4. La medida de Lebesenge de un conjunto, lineal de puntos - 5. La integral de Lebesegue para funciones de una variable - 6. Funciones de conjunto no negativas y aditivas en el espacio R1 - 7. La integal de Stieltjes- Lebesgue para funciones de una variable - 8. Medida de Lebesegue y otras funciones de conjunto aditivas en Rn - 9. La integral de Stieltjes- Lebesegue para funciones de n variables - 10. Integrales de Fourier - 11. Matrices, determinantes y formas cuadráticas - 12. Complementos varios - Parte II : Variables Aleatorias y distribuciones de probabilidad : 13. Estadística y probabilidad - 14. Axiomas y definiciones fundamentales - 15. Popiedades generales - 16. Varias distribuciones discretas - 17. Distribución normal - 18. Varias distribuciones relacionadas con la normal - 19. Otras distribuciones continuas - 20. Algunos teoremas de convergencia - 21. El caso bidimensional - 22. Propiedades generales de las distribuciones en Rn - 23. Regresión y correlación en n variables - 24. La distribución normal - Parte III : Inferencia Estadística : 25. Nociones preliminares sobre muestreo - 26. Inferencia estadística - 27. Características de las distribuciones en el muestreo - 28. Propiedades asintóticas de distribuciones en el muestreo - 29. Distribuciones exactas en el muestreo - 30. Dócimas de la bondad del ajuste y otras dócimas análogas - 31. Dócimas de significación para parámetros - 32. Clasificación de las estimaciones - 33. Métodos de estimación - 34. Regiones de confianza - 35. Teoría general de la docimasia de hipótesis estadísticas - 36. Análisis de la varianza - 37. Algunos problemas de regresión.
590 ## - LOCAL NOTE (RLIN)
Local note niveau_biblio:m niveau_hierar:0
700 1# - ADDED ENTRY--PERSONAL NAME
Personal name Cramér, Harald
942 ## - ADDED ENTRY ELEMENTS (KOHA)
Koha item type
Existencias
Withdrawn status Lost status Damaged status Not for loan Home library Current library Shelving location Date acquired Total checkouts Full call number Barcode Date last seen Price effective from Koha item type
        Biblioteca Prof. Eusebio Cleto del Rey Biblioteca Prof. Eusebio Cleto del Rey   07/04/2026   519.22 C889 L24500 07/04/2026 07/04/2026 Libro
        Biblioteca Prof. Eusebio Cleto del Rey Biblioteca Prof. Eusebio Cleto del Rey   07/04/2026   519.22 C889 L20577 07/04/2026 07/04/2026 Libro